1594 1487 1507 1026 1057 1066 1525 1567 1874 1060 1996 1332 1778 1229 1631 1193 1196 1892 1661 1384 1857 1651 1202 1654 1991 1007 1455 1220 1311 1825 1199 1167 1699 1099 1977 1077 1935 1214 1947 1212 1582 1922 1559 1270 1591 1814 1112 1186 1039 1170 1770 1849 1976 1841 1931 1858 1272 1550 1922 1703 1915 1302 1497 1837 1774 1552 1254 1248 1464 1151 1141 1908 1790 1245 1278 1223 1464 1218 1013 1497 1063 1331 1450 1547 1668 1308 1709 1222 1675 1209 1416 1145 1959 1842 1420 1761 1387 1800 1672 BCNSPRNW ULIB Ver.6.0+V

เปลี่ยนเป็นภาษาไทย

Change to English
 แสดงรายละเอียดบรรณานุกรม
  กลับหน้าหลัก

Brief Record : Get Marc (ISO 2709) : E-mail record : QR code < ปิดหน้าต่าง
LEADER : 00000nam 2200000uu 4500
001    13399127029
003     ULIB
008    020711s2560 th a 000 0 tha d
020    ^a9786163920270
060    ^aWS103^bก344พ
110 1  ^aกองบรรณาธิการสำนักพิมพ์โลกหนังสือ
245    ^aพ่อค้าเกลือกับลา (นิทานอีสปสองภาษา ไทย-อังกฤษ ) (THE SALT MERCHANT AND HIS DONKEY)
250    ^aพิมพ์ครั้งที่ 1
260    ^aกรุงเทพฯ :^bบริษัทสำนักพิมพ์โลกหนังสือ จำกัด,^c2560
300    ^a12 หน้า;^b21 ซม.
650    ^aเด็ก^xการเรียนการสอน
945    ^p35^l0^i006217
999    ^aประนอม เกษจรัล
รายการนี้ยังไม่มีแท็ก
คุณยังไม่ได้ล็อกอิน คุณสามารถมีกิจกรรมร่วมกับเว็บไซต์ได้ แต่ต้องล็อกอินก่อน ::
  ล็อกอิน

รายการสื่อสารสนเทศ

ลำดับที่ ประเภท เลขเรียก/บาร์โค้ด สถานที่ สถานะ
1. วิทยาศาสตร์การแพทย์ และสุขภาพ
วิทยาศาสตร์การแพทย์ และสุขภาพ
WS103 ก344พ ฉ.1 
  Barcode: 006217
ห้องสมุดวิทยาเขตสวรรค์ประชารักษ์
►หนังสือทั่วไป
ถูกยืม กำหนดส่งวันที่ 27 ธันวาคม 2564
  จอง

BibComment


ยังไม่เคยถูกคอมเมนท์

คอมเมนท์ทรัพยากรรายการนี้
  คอมเมนท์: พ่อค้าเกลือกับลา..


 Copyright 2026. Bcnsprnw @Library